<?xml version="1.0" encoding="UTF-8"?>
<record
    xmlns:xsi="http://www.w3.org/2001/XMLSchema-instance"
    xsi:schemaLocation="http://www.loc.gov/MARC21/slim http://www.loc.gov/standards/marcxml/schema/MARC21slim.xsd"
    xmlns="http://www.loc.gov/MARC21/slim">

  <leader>01501nam a2200277 a 4500</leader>
  <controlfield tag="001">000011466</controlfield>
  <controlfield tag="003">DO-SdBNP</controlfield>
  <controlfield tag="005">20230508131845.0</controlfield>
  <controlfield tag="008">091019s1996    dr a    000 d spa d</controlfield>
  <datafield tag="040" ind1=" " ind2=" ">
    <subfield code="a">DO-SdBNP</subfield>
    <subfield code="b">spa</subfield>
    <subfield code="c">BPMSU</subfield>
  </datafield>
  <datafield tag="082" ind1=" " ind2="4">
    <subfield code="a">RD862.44</subfield>
    <subfield code="b">R696d 1996</subfield>
    <subfield code="2">22</subfield>
  </datafield>
  <datafield tag="100" ind1="1" ind2=" ">
    <subfield code="a">Rodr&#xED;guez Fern&#xE1;ndez, Arturo,</subfield>
    <subfield code="d">1948-</subfield>
  </datafield>
  <datafield tag="245" ind1="1" ind2="0">
    <subfield code="a">Dramas y comedias en ocho obras teatrales /</subfield>
    <subfield code="c">Arturo Rodr&#xED;guez Fern&#xE1;ndez ; presentaci&#xF3;n Eligio Bison&#xF3;.</subfield>
  </datafield>
  <datafield tag="260" ind1=" " ind2=" ">
    <subfield code="a">Santo Domingo :</subfield>
    <subfield code="b">Banco de Reservas de la Rep&#xFA;blica Dominicana,</subfield>
    <subfield code="c">1996.</subfield>
  </datafield>
  <datafield tag="300" ind1=" " ind2=" ">
    <subfield code="a">371 p. :</subfield>
    <subfield code="b">il. ;</subfield>
    <subfield code="c">23 cm.</subfield>
  </datafield>
  <datafield tag="490" ind1="0" ind2=" ">
    <subfield code="a">Banreservas;</subfield>
    <subfield code="a">Literatura,</subfield>
    <subfield code="v">3</subfield>
  </datafield>
  <datafield tag="490" ind1="1" ind2=" ">
    <subfield code="v">v. 3</subfield>
  </datafield>
  <datafield tag="500" ind1=" " ind2=" ">
    <subfield code="a">Incluye datos biogr&#xE1;ficos del autor en las solapas.</subfield>
  </datafield>
  <datafield tag="505" ind1="0" ind2=" ">
    <subfield code="a">Presentaci&#xF3;n / Lic. Eligio Bison&#xF3;, administrador general del Banco de Reservas de la Rep&#xFA;blica Dominicana -- El viaje chino. Suspense en un acto -- palmeras al viento. Comedia en un acto y dos cuadros -- Cord&#xF3;n umbilical. Drama en tres actos y doce cuadros -- Hoy no toca la pianista gorda. Comedia dramatica en un acto -- Parecido a Sebastian. Comedia dramatica en un acto, cinco y ocho cuadros -- Las mujeres de enfrente. Drama en un acto, cuatro cuadros y dos par&#xE9;ntesis -- Todos menos Elizabet. Comedia dramatica surrealista o existencial en dos actos.</subfield>
  </datafield>
  <datafield tag="590" ind1=" " ind2=" ">
    <subfield code="a">Inventariado, 2023/VM</subfield>
  </datafield>
  <datafield tag="650" ind1=" " ind2="4">
    <subfield code="a">Teatro dominicano</subfield>
    <subfield code="x">Colecciones</subfield>
  </datafield>
  <datafield tag="650" ind1=" " ind2="4">
    <subfield code="a">Literatura dominicana.</subfield>
  </datafield>
  <datafield tag="700" ind1="1" ind2=" ">
    <subfield code="a">Bison&#xF3;, Eligio</subfield>
  </datafield>
  <datafield tag="910" ind1=" " ind2=" ">
    <subfield code="a">VMateo V. Control de calidad (BPMSU)</subfield>
  </datafield>
  <datafield tag="942" ind1=" " ind2=" ">
    <subfield code="2">ddc</subfield>
    <subfield code="c">BK</subfield>
  </datafield>
  <datafield tag="952" ind1=" " ind2=" ">
    <subfield code="0">0</subfield>
    <subfield code="1">0</subfield>
    <subfield code="2">ddc</subfield>
    <subfield code="4">0</subfield>
    <subfield code="7">0</subfield>
    <subfield code="8">CD</subfield>
    <subfield code="a">BPMET</subfield>
    <subfield code="b">BPMET</subfield>
    <subfield code="d">2023-05-08</subfield>
    <subfield code="o">BPMSU CD RD862.44 R696d 1996</subfield>
    <subfield code="p">BPMSU3050010</subfield>
    <subfield code="r">2023-05-08</subfield>
    <subfield code="w">2023-05-08</subfield>
    <subfield code="y">BK</subfield>
  </datafield>
  <datafield tag="999" ind1=" " ind2=" ">
    <subfield code="c">14392</subfield>
    <subfield code="d">14392</subfield>
  </datafield>
</record>
